000
00296nam a22001337a 4500
003
SGT
082
_a
347,UNI
100
_a
GUPTA,RAJESH.
245
_a
L.L.B. SOLVED PAPERS(JURISPRUDENCE-1)
260
_a
DELHI
_b
UNIVERSAL
_c
2001
300
_a
V.P.
650
_a
JURISPRUDENCE-1)
942
_2
ddc
_c
BK
999
_c
10340
_d
10340